| 000 | 01351nam a2200361 a 4500 | ||
|---|---|---|---|
| 001 | 000109972 | ||
| 003 | CHAP | ||
| 005 | 20220329144111.0 | ||
| 008 | 140616s2014 mx a |sm |||||||spa d | ||
| 010 | _a106434 | ||
| 011 | _a107406 | ||
| 040 | _cCHAP | ||
| 090 | _aTesis | ||
| 100 | 1 |
_aEspejel Aldama, Claudia Karina _9127332 |
|
| 245 | 1 | 0 |
_aAnálisis comparativo entre biolubricantes y lubricantes convencionales _h[En línea] _cpor Claudia Karina Espejel Aldama. |
| 260 |
_aChapingo, Méx. : _bEl autor, _c2014. |
||
| 500 | _aPara ver el contenido del material haga clic en la liga | ||
| 502 | _aTesis (Ing. Mecánico Agrícola) -- UACH. Departamento de Ingeniería Mecánica Agrócola | ||
| 590 |
_aBATCH-UPD _b05 _c20141002 _lUCH01 _h0904 |
||
| 590 |
_aBATCH-UPD _b10 _c20141007 _lUCH01 _h1134 |
||
| 590 |
_aE11695DGD _b10 _c20141007 _lUCH01 _h1133 |
||
| 590 |
_aE5652GLJ _b05 _c20140616 _lUCH01 _h1431 |
||
| 590 |
_aE5652GLJ _b05 _c20140616 _lUCH01 _h1431 |
||
| 590 |
_aE5652GLJ _b05 _c20140616 _lUCH01 _h1436 |
||
| 650 | 1 | 4 |
_aAceites vegetales _xAnálisis. _9458 |
| 650 | 1 | 4 |
_aBiocombustibles _xAnálisis. _9127343 |
| 650 | 1 | 4 |
_aGrasas y aceites _xAnálisis. _9153869 |
| 650 | 1 | 4 |
_aLubricación y lubricantes. _968840 |
| 856 |
_aFinding aid _uhttp://10.13.5.2/tesis/sist109972.pdf _zTeclea aquí |
||
| 901 | _aBK | ||
| 942 | _cTESIS | ||
| 942 | _n0 | ||
| 999 |
_c106434 _d106434 |
||